00359nam a2200157Ia 4500008004100000020001500041082001300056100001400069245001500083250000800098260003300106300001000139500002600149650001200175700001400187230524s9999 xx 000 0 und d a8188781339 a530bSWA aB.B.Swain 0aPhysics -I a2ND aNEW DELHIbKitab Mahalc2005 aV;298 aQuantity Number: 260 aPhysics a P.K Jena